<?xml version="1.0" encoding="UTF-8"?>
<record
    xmlns:xsi="http://www.w3.org/2001/XMLSchema-instance"
    xsi:schemaLocation="http://www.loc.gov/MARC21/slim http://www.loc.gov/standards/marcxml/schema/MARC21slim.xsd"
    xmlns="http://www.loc.gov/MARC21/slim">

  <leader>00869nam a2200289   4500</leader>
  <controlfield tag="001">000000158320</controlfield>
  <controlfield tag="003">IT-RoPUS</controlfield>
  <controlfield tag="005">20220918181312.0</controlfield>
  <controlfield tag="008">150122s2006    it       b   u000 u ita d</controlfield>
  <datafield tag="020" ind1=" " ind2=" ">
    <subfield code="a">8801028261</subfield>
  </datafield>
  <datafield tag="040" ind1=" " ind2=" ">
    <subfield code="a">IT-RoPUS</subfield>
    <subfield code="b">ita</subfield>
    <subfield code="c">IT-RoPUS</subfield>
  </datafield>
  <datafield tag="041" ind1="1" ind2=" ">
    <subfield code="a">ita</subfield>
    <subfield code="h">eng</subfield>
  </datafield>
  <datafield tag="082" ind1="0" ind2="4">
    <subfield code="a">226.3077</subfield>
    <subfield code="2">21</subfield>
  </datafield>
  <datafield tag="100" ind1="1" ind2=" ">
    <subfield code="9">23551</subfield>
    <subfield code="a">Donahue, John R.</subfield>
  </datafield>
  <datafield tag="240" ind1="1" ind2="0">
    <subfield code="a">Gospel of Mark.</subfield>
    <subfield code="l">Italiano.</subfield>
  </datafield>
  <datafield tag="245" ind1="1" ind2="3">
    <subfield code="a">Il Vangelo di Marco /</subfield>
    <subfield code="c">John R. Donahue, S.J., Daniel J. Harrington, S.J.</subfield>
  </datafield>
  <datafield tag="260" ind1=" " ind2=" ">
    <subfield code="a">Leumann (TO) :</subfield>
    <subfield code="b">Elledici,</subfield>
    <subfield code="c">c2006.</subfield>
  </datafield>
  <datafield tag="300" ind1=" " ind2=" ">
    <subfield code="a">XII, 435 p. ;</subfield>
    <subfield code="c">24 cm.</subfield>
  </datafield>
  <datafield tag="490" ind1="1" ind2=" ">
    <subfield code="a">Sacra pagina ;</subfield>
    <subfield code="v">vol. 2</subfield>
  </datafield>
  <datafield tag="500" ind1=" " ind2=" ">
    <subfield code="a">Trad. di Giovanni Vischioni.</subfield>
  </datafield>
  <datafield tag="504" ind1=" " ind2=" ">
    <subfield code="a">Bibliogr. nel testo.</subfield>
  </datafield>
  <datafield tag="630" ind1="0" ind2="4">
    <subfield code="9">112044</subfield>
    <subfield code="a">Biblia.</subfield>
    <subfield code="p">N.T.</subfield>
    <subfield code="p">Marcus</subfield>
    <subfield code="x">Commenti</subfield>
  </datafield>
  <datafield tag="700" ind1="1" ind2=" ">
    <subfield code="9">35988</subfield>
    <subfield code="a">Harrington, Daniel J.</subfield>
  </datafield>
  <datafield tag="830" ind1=" " ind2="0">
    <subfield code="a">Sacra pagina ;</subfield>
    <subfield code="v">2.</subfield>
    <subfield code="9">35764</subfield>
  </datafield>
  <datafield tag="942" ind1=" " ind2=" ">
    <subfield code="c">BK</subfield>
  </datafield>
  <datafield tag="999" ind1=" " ind2=" ">
    <subfield code="c">108653</subfield>
    <subfield code="d">108653</subfield>
  </datafield>
</record>
